| Tag |
First Indicator |
Second Indicator |
Subfields |
| LEADER |
00000cam a2200000 4500 |
| 001 |
in00003819521 |
| 005 |
20190415185919.0 |
| 006 |
m o d |
| 007 |
cr |n||||||||n |
| 008 |
890821s1715 enk|||| o 00| ||eng c |
| 035 |
|
|
|a (CU-RivES)T194546
|
| 035 |
|
|
|a (Uk-ES)006289186
|
| 035 |
|
|
|a (OCoLC)509564001
|
| 040 |
|
|
|a Uk-ES
|c Uk-ES
|d CStRLIN
|d Cengage Gale
|d UtOrBLW
|
| 245 |
0 |
2 |
|a A True representation of the Croydon-Ass-Story :
|b In contradiction of the false, scandalous, and malicious aspersions thrown by the examiner, and others, on the dissenters.
|
| 264 |
|
3 |
|a London :
|b Printed: and sold by J. Roberts, near the Oxford-Arms in Warwick-Lane,
|c 1715.
|
| 300 |
|
|
|a 1 online resource (18 pages)
|
| 336 |
|
|
|a text
|b txt
|2 rdacontent
|
| 337 |
|
|
|a computer
|b c
|2 rdamedia
|
| 338 |
|
|
|a online resource
|b cr
|2 rdacarrier
|
| 510 |
4 |
|
|a English Short Title Catalog,
|c T194546.
|
| 500 |
|
|
|a Reproduction of original from Bodleian Library (Oxford).
|
| 500 |
|
|
|a Electronic resource.
|
| 650 |
|
0 |
|a Dissenters, Religious
|v Early works to 1800.
|
| 655 |
|
7 |
|a Electronic books.
|2 local
|
| 710 |
2 |
|
|a Gale (Firm)
|0 http://id.loc.gov/authorities/names/no2008071348
|
| 752 |
|
|
|a Great Britain
|b England
|d London.
|
| 856 |
4 |
0 |
|u http://proxy.library.tamu.edu/login?url=http://find.galegroup.com/ecco/infomark.do?contentSet=ECCOArticles&docType=ECCOArticles&bookId=1325201200&type=getFullCitation&tabID=T001&prodId=ECCO&docLevel=TEXT_GRAPHICS&version=1.0&source=library&userGroupName=txshracd2898
|z Connect to the full text of this electronic book
|t 0
|
| 999 |
f |
f |
|s cb67e7a5-d277-3bbf-a036-2af30549a601
|i a2b9d643-f60b-3208-ac62-96f936447586
|t 0
|
| 952 |
f |
f |
|a Texas A&M University
|b College Station
|c Electronic Resources
|d Available Online
|t 0
|h No information provided
|
| 998 |
f |
f |
|t 0
|l Available Online
|